00531nam a22001577a 450000500170000002000220001703500120003903700130005110000260006424500640009026000400015430000190019494200250021399900170023895201180025520120321114934.0 a817108396Xc55.00 aB-29687 aDPLbENG aHeidish, Marcy944038 aCaring :bSimple ways you can reach out /cby Marcy Heidish aMumbaibBetter Yourself Booksc2000 a167p.c18 cms. 2ddccENh158.25mHEI c64204d64204 001040708NFICaZLSbZLSd2012-03-21g55.00l0o158.25 HEIpB-29687r2012-03-21 00:00:00v55.00w2012-03-21yEN